| 000 | 00667 a2200181 4500 | ||
|---|---|---|---|
| 020 | _a0631231676 | ||
| 040 |
_aLibrary of Congress _bEnglish |
||
| 082 | 0 | 4 | _a378.170281 |
| 245 | 0 | 4 |
_aThe ethics of educational research _cedited by Mike McNamee and David Bridges. |
| 260 |
_aOxford ; _aMalden, MA : _bBlackwell, _c2002. |
||
| 300 |
_avii, 267 p. ; _c23 cm. |
||
| 500 | _aOriginally issued as a special issue of Journal of philosophy of education, 2001. | ||
| 650 | 0 |
_aEducation _xResearch _xMoral and ethical aspects. |
|
| 700 | 1 | _aMcNamee, M. J. | |
| 700 | 1 |
_aBridges, David, _d1941- |
|
| 740 | 0 | _aJournal of philosophy of education. | |
| 942 |
_cBK _k378.170281 MCN _2ddc |
||
| 999 |
_c7360 _d7360 |
||